000
00240nam a2200097 4500
999
_c
531855
_d
531855
040
_c
DLC
082
_a
363.7
_b
MOT
100
_a
Mott MacDonald Inst.
_9
24973
245
_a
Punjab urban water supply and sanitation project...
942
_2
ddc
_c
BK